Tiếng vọng những mùa qua : Phê bình, tiểu luận

সংরক্ষণ করুন:
গ্রন্থ-পঞ্জীর বিবরন
প্রধান লেখক: Nguyễn, Thị Thanh Xuân
বিন্যাস: গ্রন্থ
ভাষা:Undetermined
প্রকাশিত: Thành phố Hồ Chí Minh Trẻ 2004
বিষয়গুলি:
ট্যাগগুলো: ট্যাগ যুক্ত করুন
কোনো ট্যাগ নেই, প্রথমজন হিসাবে ট্যাগ করুন!
Thư viện lưu trữ: Trung tâm Học liệu Trường Đại học Cần Thơ
LEADER 00646nam a2200217Ia 4500
001 CTU_92959
008 210402s9999 xx 000 0 und d
020 |c 24500 
082 |a 809.1 
082 |b X502 
100 |a Nguyễn, Thị Thanh Xuân 
245 0 |a Tiếng vọng những mùa qua : 
245 0 |b Phê bình, tiểu luận 
245 0 |c Nguyễn Thị Thanh Xuân 
260 |a Thành phố Hồ Chí Minh 
260 |b Trẻ 
260 |c 2004 
650 |a Vietnamese literature 
650 |x History and criticism 
904 |i Mai Loan, QHieu 
980 |a Trung tâm Học liệu Trường Đại học Cần Thơ